Rights refused: grassroots activism and state violence in Myanmar (Record no. 1225229)

MARC details
000 -LEADER
fixed length control field 00767nam a2200229Ia 4500
005 - DATE AND TIME OF LATEST TRANSACTION
control field 20260310105015.0
008 - FIXED-LENGTH DATA ELEMENTS--GENERAL INFORMATION
fixed length control field 241129s9999||||xx |||||||||||||| ||und||
020 ## - INTERNATIONAL STANDARD BOOK NUMBER
International Standard Book Number 9781503636712
037 ## - SOURCE OF ACQUISITION
Terms of availability General Book
040 ## - CATALOGING SOURCE
Original cataloging agency RTL
Language of cataloging eng
Transcribing agency RTL
041 ## - LANGUAGE CODE
Language code of text/sound track or separate title eng
Source of code eng
084 ## - COLON CLASSIFICATION NUMBER
Classification number Y:4582.438 R3
Assigning agency RTL
100 ## - MAIN ENTRY--PERSONAL NAME
Personal name Prasse-Freeman Elliott
9 (RLIN) 668697
245 #0 - TITLE STATEMENT
Title Rights refused: grassroots activism and state violence in Myanmar
260 ## - PUBLICATION, DISTRIBUTION, ETC.
Place of publication, distribution, etc. California
Name of publisher, distributor, etc. Stanford University Press
Date of publication, distribution, etc. 2023
300 ## - PHYSICAL DESCRIPTION
Extent xxxii,329p.
Other physical details Includes bibliographical references and index
365 ## - TRADE PRICE
Price type code INR
Price amount Rs.2669.44
490 ## - SERIES STATEMENT
Series statement Stanford Studies in Human Rights
650 ## - SUBJECT ADDED ENTRY--TOPICAL TERM
Topical term or geographic name entry element Human Rights- Burma
9 (RLIN) 725613
942 ## - ADDED ENTRY ELEMENTS (KOHA)
Koha item type General Books
Classification part Y:4582.438 R3
Source of classification or shelving scheme Colon Classification (CC)
Holdings
Withdrawn status Lost status Source of classification or shelving scheme Damaged status Not for loan Home library Current library Date acquired Source of acquisition Inventory number Total Checkouts Full call number Barcode Date last seen Price effective from Koha item type
    Colon Classification (CC)     Ratan Tata Library Ratan Tata Library 2024-11-29 Vimal Book Distribution 632 & 09/02/2024   Y:4582.438, R3 RT1528165 2024-11-29 2024-11-29 General Books
Copyright @ Delhi University Library System